[Event "Sunnyvale 1000 GM Winter 12"]
[Site "Sunnyvale"]
[Date "2023.12.30"]
[Round "8"]
[White "Achuthan, Aryan"]
[Black "Galyas, Miklos"]
[Result "0-1"]
[WhiteElo "1947"]
[BlackElo "2444"]
[PlyCount "118"]
[EventDate "2023.12.26"]
[EventType "schev"]
[EventRounds "9"]
[EventCountry "USA"]
[SourceTitle "CB01_2024"]
[SourceDate "2024.01.03"]
[SourceVersion "1"]
[SourceVersionDate "2024.01.03"]
[SourceQuality "1"]

1. d4 g6 2. c4 Bg7 3. e4 e6 4. Ne2 Ne7 5. Nbc3 d5 6. Bg5 f6 7. Be3 dxe4 8. Nxe4 Nf5 9. Qd2 0-0 10. g3 Nc6 11. Bg2 Nxe3 12. fxe3 e5 13. N4c3 Bh6 14. 0-0 exd4 15. Nxd4 Nxd4 16. Qxd4 Qxd4 17. exd4 Be3+ 18. Kh1 Bxd4 19. Nd5 Be5 20. Ne7+ Kg7 21. Nxc8 Raxc8 22. Rad1 c6 23. Rd7+ Rf7 24. Rfd1 Rc7 25. Rxf7+ Kxf7 26. Rd2 f5 27. Bf3 Ke6 28. Kg2 h5 29. h3 Rh7 30. Bd1 Kf6 31. b3 Bc7 32. b4 Re7 33. Bf3 g5 34. Kf2 g4 35. Bg2 a5 36. a3 a4 37. Rd3 h4 38. gxh4 g3+ 39. Kf1 Rh7 40. h5 Rxh5 41. Rd7 Be5 42. Rxb7 Rh4 43. Rb6 Rf4+ 44. Ke1 Bc3+ 45. Kd1 Rf2 46. Bxc6 Ke5 47. Rb8 f4 48. Rg8 Kd4 49. c5 Kc4 50. Be4 Rd2+ 51. Kc1 Re2 52. Bc6 Re5 53. Bf3 Re3 54. Bc6 f3 55. Rxg3 f2 56. Rg4+ Bd4 57. Bg2 Kc3 58. Kb1 Re1+ 59. Ka2 Kc4 0-1

[Event "HUN-ch"]
[Site "Budapest"]
[Date "2023.12.19"]
[Round "8"]
[White "Gaal, Zsoka"]
[Black "Galyas, Miklos"]
[Result "1-0"]
[WhiteElo "2325"]
[BlackElo "2444"]
[PlyCount "105"]
[EventDate "2023.12.12"]
[EventType "swiss"]
[EventRounds "9"]
[EventCountry "HUN"]
[SourceTitle "CB52_2023"]
[SourceDate "2023.12.27"]
[SourceVersion "1"]
[SourceVersionDate "2023.12.27"]
[SourceQuality "1"]

1. d4 g6 2. Nf3 Bg7 3. g3 d5 4. Bg2 e6 5. 0-0 Ne7 6. c3 0-0 7. Nbd2 c5 8. dxc5 Na6 9. Nb3 Qc7 10. a4 e5 11. Ne1 Nxc5 12. Nxc5 Qxc5 13. Nd3 Qc4 14. a5 Be6 15. Qa4 Qc7 16. Bg5 Nf5 17. Rfd1 h6 18. Bd2 Rad8 19. Be1 Ne7 20. Qa3 Rfe8 21. Nc5 Bg4 22. Rd2 e4 23. h3 e3 24. fxe3 Bc8 25. a6 bxa6 26. Nxa6 Qe5 27. Bf2 Nf5 28. Nb4 Nxe3 29. Nc6 Qg5 30. h4 Qf6 31. Nxd8 Nxg2 32. Kxg2 Rxd8 33. Qxa7 Qf5 34. Qc7 Re8 35. Qc6 Bd7 36. Qxd5 Qxd5+ 37. Rxd5 Bc6 38. e4 Rxe4 39. Rc5 Re1+ 40. Rxc6 Rxa1 41. b4 Rb1 42. Rc8+ Kh7 43. Kf3 Rb3 44. Be1 Rb1 45. Bd2 Rb2 46. Ke2 Be5 47. g4 Bf6 48. Kd3 Bxh4 49. c4 Bf6 50. c5 Rb3+ 51. Kc4 Rg3 52. c6 Rxg4+ 53. Kb5 1-0

[Event "BCF-chT 2324 (4NCL)"]
[Site "England"]
[Date "2023.11.11"]
[Round "1.1"]
[White "Galyas, Miklos"]
[Black "Duncan, Christopher R"]
[Result "1/2-1/2"]
[WhiteElo "2452"]
[BlackElo "2167"]
[PlyCount "71"]
[EventDate "2023.11.11"]
[EventType "team-tourn"]
[EventRounds "11"]
[EventCountry "ENG"]
[SourceTitle "CB46_2023"]
[SourceDate "2023.11.15"]
[SourceVersion "1"]
[SourceVersionDate "2023.11.15"]
[SourceQuality "1"]
[WhiteTeam "Manx Liberty"]
[BlackTeam "Blackthorne Russia"]
[WhiteTeamCountry "ENG"]
[BlackTeamCountry "ENG"]

1. d4 d5 2. Nf3 Nf6 3. Bf4 c5 4. e3 Nc6 5. h3 cxd4 6. exd4 Bf5 7. c3 e6 8. Nbd2 Bd6 9. Bxd6 Qxd6 10. Bb5 0-0 11. 0-0 a6 12. Bxc6 Qxc6 13. Ne5 Qc7 14. Re1 Ne4 15. Re3 Rfe8 16. Nxe4 Bxe4 17. f3 Bf5 18. g4 Bg6 19. Kg2 f6 20. Nxg6 hxg6 21. Qe2 Qc4 22. Qc2 Kf7 23. b3 Qc6 24. Rae1 Qd6 25. Qf2 Re7 26. f4 Rae8 27. Qf3 b5 28. Rd3 a5 29. h4 Rh8 30. h5 gxh5 31. gxh5 Rh6 32. Qg4 Kf8 33. Rg3 Qd7 34. Qf3 Qe8 35. Rh3 g6 36. f5 1/2-1/2

[Event "EU-Cup 38th"]
[Site "Durres"]
[Date "2023.10.02"]
[Round "2.2"]
[White "Kryvoruchko, Yuriy"]
[Black "Galyas, Miklos"]
[Result "1-0"]
[WhiteElo "2656"]
[BlackElo "2467"]
[PlyCount "79"]
[EventDate "2023.10.01"]
[EventType "team-swiss"]
[EventRounds "7"]
[EventCountry "ALB"]
[SourceTitle "EXT 2024"]
[Source "ChessBase"]
[SourceDate "2023.10.10"]
[SourceVersion "1"]
[SourceVersionDate "2023.10.10"]
[SourceQuality "1"]
[WhiteTeam "Viernheim"]
[BlackTeam "KSK Rochade"]
[WhiteTeamCountry "GER"]
[BlackTeamCountry "BEL"]

1. e4 c6 2. d4 d5 3. e5 c5 4. Nf3 cxd4 5. Nxd4 Nc6 6. Nxc6 bxc6 7. Bd3 e6 8. 0-0 a5 9. Re1 Ba6 10. Bxa6 Rxa6 11. c4 Bb4 12. Nc3 Ne7 13. a3 Bxc3 14. bxc3 dxc4 15. Qg4 Qd3 16. Be3 h5 17. Qg5 Qf5 18. Rab1 Ra8 19. Qxf5 exf5 20. Rb7 Nd5 21. e6 fxe6 22. Bd4 Kd8 23. Rxe6 Re8 24. Rxe8+ Kxe8 25. Rxg7 Rd8 26. g3 f4 27. Kg2 Rd7 28. Rg8+ Kf7 29. Rg5 fxg3 30. hxg3 c5 31. Be5 Ke6 32. Rxh5 Rb7 33. f4 Rb3 34. Rh6+ Kf7 35. g4 Nxc3 36. g5 Ne4 37. g6+ Ke6 38. g7+ Kf7 39. f5 c3 40. Rh8 1-0

[Event "Budapest SixDays 09 GM-A"]
[Site "Budapest"]
[Date "2023.09.22"]
[Round "8"]
[White "Gaal, Zsoka"]
[Black "Galyas, Miklos"]
[Result "0-1"]
[WhiteElo "2308"]
[BlackElo "2472"]
[PlyCount "60"]
[EventDate "2023.09.18"]
[EventType "tourn"]
[EventRounds "9"]
[EventCountry "HUN"]
[EventCategory "7"]
[SourceTitle "EXT 2024"]
[Source "ChessBase"]
[SourceDate "2023.10.10"]
[SourceVersion "1"]
[SourceVersionDate "2023.10.10"]
[SourceQuality "1"]

1. d4 d5 2. c4 e6 3. Nc3 h6 4. cxd5 exd5 5. Bf4 Nf6 6. e3 Bd6 7. Bxd6 Qxd6 8. Bd3 0-0 9. h3 c6 10. Nf3 Nbd7 11. Qc2 Re8 12. 0-0 Qe7 13. Rfe1 Ne4 14. a4 a5 15. Bxe4 dxe4 16. Nd2 Nf6 17. Nc4 Bf5 18. Red1 Qe6 19. Nb6 Bxh3 20. Nxa8 Qg4 21. f3 exf3 22. Nc7 Rc8 23. d5 Bxg2 24. Rd4 Qh3 25. dxc6 bxc6 26. Rad1 g6 27. Qb3 Rf8 28. Kf2 Bh1 29. Rxh1 Qg2+ 30. Ke1 f2+ 0-1

[Event "Budapest SixDays 09 GM-A"]
[Site "Budapest"]
[Date "2023.09.22"]
[Round "7"]
[White "Galyas, Miklos"]
[Black "Ostrovskiy, Aleksandr A"]
[Result "1/2-1/2"]
[WhiteElo "2472"]
[BlackElo "2370"]
[PlyCount "43"]
[EventDate "2023.09.18"]
[EventType "tourn"]
[EventRounds "9"]
[EventCountry "HUN"]
[EventCategory "7"]
[SourceTitle "EXT 2024"]
[Source "ChessBase"]
[SourceDate "2023.10.10"]
[SourceVersion "1"]
[SourceVersionDate "2023.10.10"]
[SourceQuality "1"]

1. d4 Nf6 2. Nf3 d5 3. Bf4 e6 4. e3 c5 5. c3 Nc6 6. Nbd2 Nh5 7. Bg5 f6 8. Bh4 g6 9. Be2 cxd4 10. cxd4 Bd6 11. 0-0 0-0 12. Rc1 Bd7 13. Nb3 b6 14. Bb5 Nb4 15. Bxd7 Qxd7 16. a3 Nc6 17. Nbd2 Ne7 18. e4 g5 19. Bg3 Nxg3 20. hxg3 dxe4 21. Nxe4 Rad8 22. Nxd6 1/2-1/2

[Event "Budapest SixDays 09 GM-A"]
[Site "Budapest"]
[Date "2023.09.18"]
[Round "1"]
[White "Ben Ari, Yannay"]
[Black "Galyas, Miklos"]
[Result "1/2-1/2"]
[WhiteElo "2432"]
[BlackElo "2472"]
[PlyCount "56"]
[EventDate "2023.09.18"]
[EventType "tourn"]
[EventRounds "9"]
[EventCountry "HUN"]
[EventCategory "7"]
[SourceTitle "EXT 2024"]
[Source "ChessBase"]
[SourceDate "2023.10.10"]
[SourceVersion "1"]
[SourceVersionDate "2023.10.10"]
[SourceQuality "1"]

1. Nf3 d5 2. g3 b6 3. Bg2 Bb7 4. c4 dxc4 5. Na3 e6 6. Nxc4 Nd7 7. Qa4 a6 8. Nce5 b5 9. Qf4 f6 10. Nxd7 Qxd7 11. d3 Ne7 12. Qd2 c5 13. 0-0 Nc6 14. b3 Be7 15. Bb2 0-0 16. Rfd1 e5 17. e3 Rad8 18. Qe2 Rfe8 19. Qf1 Bf8 20. Rd2 Nb4 21. Bc3 Nxd3 22. Ba5 e4 23. Bxd8 Rxd8 24. Rad1 Qf7 25. Rxd3 Rxd3 26. Rxd3 exd3 27. Qxd3 Qd5 28. Qc2 Qe4 1/2-1/2

[Event "Budapest Vezerkepzo Pentecost GM1"]
[Site "Budapest"]
[Date "2023.05.20"]
[Round "3"]
[White "Gaal, Zsoka"]
[Black "Galyas, Miklos"]
[Result "1-0"]
[WhiteElo "2308"]
[BlackElo "2455"]
[PlyCount "135"]
[EventDate "2023.05.18"]
[EventType "tourn"]
[EventRounds "9"]
[EventCountry "HUN"]
[EventCategory "6"]
[SourceTitle "CBM 214 Extra"]
[Source "ChessBase"]
[SourceDate "2023.07.31"]
[SourceVersion "1"]
[SourceVersionDate "2023.07.31"]
[SourceQuality "1"]

1. d4 d6 2. Nf3 g6 3. c4 Bg7 4. Nc3 Nd7 5. g3 e5 6. Bg2 Ne7 7. 0-0 0-0 8. e4 exd4 9. Nxd4 Nc6 10. Nde2 a5 11. h3 Nc5 12. Be3 a4 13. Rb1 Bd7 14. f4 Re8 15. Bf2 Nb4 16. Bd4 Bxd4+ 17. Qxd4 Qe7 18. f5 Qe5 19. Qd2 Bc6 20. f6 Kh8 21. Qh6 Rg8 22. Rf4 Qh5 23. Qxh5 gxh5 24. Rf5 Rae8 25. e5 Rxe5 26. Rxe5 dxe5 27. Bxc6 Nxc6 28. Nd5 Ne6 29. Rf1 Ncd4 30. Nxd4 exd4 31. Kf2 Rg5 32. Re1 Rg6 33. Re5 c6 34. Ne7 Rxf6+ 35. Ke2 h4 36. Ra5 Nf8 37. Nf5 b6 38. Re5 hxg3 39. Nxg3 Re6 40. Rxe6 Nxe6 41. Nf5 h5 42. h4 Kh7 43. Kd3 c5 44. Ke4 Nc7 45. Ne7 Kg7 46. Nc8 Na8 47. Ne7 f6 48. Nd5 Kf7 49. a3 Kg7 50. Nf4 Kh6 51. Nd5 Kg7 52. Nf4 Nc7 53. Nxh5+ Kf7 54. Nf4 Ne8 55. Kd5 Ng7 56. Kc6 Ne6 57. Nd3 f5 58. Kxb6 f4 59. Kb5 f3 60. Ne5+ Kf6 61. Nxf3 Kf5 62. h5 d3 63. Nd2 Kf4 64. h6 Ng5 65. Kxc5 Ke3 66. Nb1 Ke2 67. Kb4 Kd1 68. Kc3 1-0

[Event "BEL-chT 2223"]
[Site "Belgium"]
[Date "2023.03.05"]
[Round "8.5"]
[White "Galyas, Miklos"]
[Black "Godart, Francois"]
[Result "1-0"]
[WhiteElo "2442"]
[BlackElo "2384"]
[PlyCount "99"]
[EventDate "2022.09.25"]
[EventType "team-tourn"]
[EventRounds "11"]
[EventCountry "BEL"]
[SourceTitle "CBM 213 Extra"]
[Source "ChessBase"]
[SourceDate "2023.05.31"]
[SourceVersion "1"]
[SourceVersionDate "2023.05.31"]
[SourceQuality "1"]
[WhiteTeam "Eupen Rochade"]
[BlackTeam "Liege Crelel"]
[WhiteTeamCountry "BEL"]
[BlackTeamCountry "BEL"]

1. d4 d5 2. Nf3 Nf6 3. Bf4 e6 4. e3 Bd6 5. Ne5 0-0 6. Nd2 c5 7. c3 Nc6 8. Bd3 Qc7 9. Ndf3 cxd4 10. cxd4 Ne4 11. 0-0 f6 12. Nxc6 Bxf4 13. exf4 Qxc6 14. Qe2 Nd6 15. Rac1 Qb6 16. Qc2 Ne4 17. b3 Bd7 18. Bxe4 dxe4 19. Qxe4 Rac8 20. h4 Rfe8 21. Rxc8 Rxc8 22. Re1 Qc6 23. Nd2 Qc2 24. Qxc2 Rxc2 25. Nc4 Rxa2 26. Nd6 Rd2 27. Nxb7 Bc6 28. Nc5 Bd5 29. Nxe6 Bxb3 30. Nc5 Bf7 31. Re7 Rxd4 32. Rxa7 h5 33. Ra4 Rxa4 34. Nxa4 Kh7 35. Nc3 g5 36. hxg5 fxg5 37. fxg5 Kg6 38. f4 Kf5 39. Ne2 Bc4 40. Kf2 h4 41. Ke3 Bd5 42. Nd4+ Kg4 43. Nf3 Kg3 44. g6 h3 45. gxh3 Bxf3 46. f5 Bh5 47. Ke4 Kxh3 48. Ke5 Kg3 49. Kf6 Bd1 50. Kg5 1-0

[Event "BCF-chT 2223 (4NCL)"]
[Site "England"]
[Date "2023.02.11"]
[Round "5.2"]
[White "Galyas, Miklos"]
[Black "Walton, Alan J"]
[Result "1/2-1/2"]
[WhiteElo "2442"]
[BlackElo "2089"]
[PlyCount "109"]
[EventDate "2022.10.22"]
[EventType "team-swiss"]
[EventRounds "11"]
[EventCountry "ENG"]
[SourceTitle "CBM 213 Extra"]
[Source "ChessBase"]
[SourceDate "2023.05.31"]
[SourceVersion "1"]
[SourceVersionDate "2023.05.31"]
[SourceQuality "1"]
[WhiteTeam "Chess.com Manx Liberty"]
[BlackTeam "Chessable White Rose II"]
[WhiteTeamCountry "ENG"]
[BlackTeamCountry "ENG"]

1. d4 d5 2. Nf3 Nf6 3. Bf4 e6 4. e3 c5 5. c3 Nc6 6. Nbd2 Be7 7. Bd3 Nd7 8. h4 Bf6 9. Qe2 e5 10. dxe5 Ndxe5 11. Nxe5 Bxe5 12. Nf3 Bg4 13. Bxe5 Nxe5 14. Bb5+ Kf8 15. 0-0-0 a6 16. Ba4 Qa5 17. Rxd5 Nxf3 18. gxf3 Be6 19. Bb3 Bxd5 20. Bxd5 Rd8 21. e4 Qc7 22. h5 h6 23. Qe3 b5 24. f4 Qe7 25. Rg1 a5 26. Qg3 Rg8 27. Qg4 a4 28. Rd1 b4 29. c4 g5 30. hxg6 Rxg6 31. Qf3 a3 32. b3 Kg7 33. e5 Kh8 34. Qe3 f5 35. Qh3 Qf8 36. Rh1 Kh7 37. Qe3 Qe7 38. Kc2 Rf8 39. Rd1 Rd8 40. Qd3 Qf8 41. Re1 Rg4 42. Qe3 Qe7 43. Rh1 Rf8 44. Bf3 Rgg8 45. Rd1 Rd8 46. Rd5 Rg1 47. Qd3 Rxd5 48. Qxf5+ Kg7 49. Bxd5 Qf8 50. Qd7+ Kh8 51. Be4 Rg7 52. Qd2 Rg4 53. Qd7 Rg7 54. Qd2 Rg4 55. Qd7 1/2-1/2

[Event "Budapest Vezerkepzo Fall GM"]
[Site "Budapest"]
[Date "2022.10.29"]
[Round "6"]
[White "Plat, Vojtech"]
[Black "Galyas, Miklos"]
[Result "1/2-1/2"]
[WhiteElo "2546"]
[BlackElo "2450"]
[PlyCount "123"]
[EventDate "2022.10.24"]
[EventType "tourn"]
[EventRounds "9"]
[EventCountry "HUN"]
[EventCategory "6"]
[SourceTitle "EXT 2024"]
[Source "ChessBase"]
[SourceDate "2023.10.10"]
[SourceVersion "1"]
[SourceVersionDate "2023.10.10"]
[SourceQuality "1"]

1. d4 d5 2. c4 e6 3. Nc3 a6 4. cxd5 exd5 5. Bf4 Nf6 6. e3 Bd6 7. Bg5 Be6 8. Bd3 Nbd7 9. f4 h6 10. Bh4 g5 11. fxg5 hxg5 12. Bxg5 Bxh2 13. Kd2 Rg8 14. Rxh2 Rxg5 15. Qf3 Rg8 16. Nge2 Qe7 17. Nf4 c6 18. Re1 0-0-0 19. Kc1 Kb8 20. Rh6 Ng4 21. Rh7 Qd6 22. Bc2 Ndf6 23. Rhh1 Bc8 24. Nd3 Rde8 25. a3 Re7 26. Rhf1 Rge8 27. Ne5 Qc7 28. Nd1 Nxe5 29. Qxf6 Ng4 30. Qf4 Qxf4 31. Rxf4 Nxe3 32. Nxe3 Rxe3 33. Rxe3 Rxe3 34. Rxf7 Rg3 35. Rf2 Kc7 36. Kd2 Be6 37. Bd1 Kd6 38. Bf3 b6 39. Ke3 c5 40. Rf1 Rg7 41. Rh1 Rc7 42. Rh6 cxd4+ 43. Kxd4 Rc4+ 44. Ke3 Ke5 45. Rh5+ Kd6 46. Kd3 Rf4 47. Rh8 a5 48. Rh6 Ke5 49. Ke3 Rc4 50. Rh5+ Kd6 51. Kd3 Rf4 52. b3 d4 53. Rb5 Kc7 54. Be4 a4 55. bxa4 Bc4+ 56. Kxc4 Rxe4 57. Rb2 Rg4 58. Kd5 Rg3 59. Ra2 d3 60. Rd2 Rg4 61. Ke5 Kc6 62. Rxd3 1/2-1/2

[Event "Budapest Vezerkepzo Summer GM"]
[Site "Budapest"]
[Date "2022.08.01"]
[Round "5"]
[White "Galyas, Miklos"]
[Black "Krstulovic, Alex"]
[Result "1/2-1/2"]
[WhiteElo "2466"]
[BlackElo "2413"]
[PlyCount "43"]
[EventDate "2022.07.28"]
[EventType "tourn"]
[EventRounds "9"]
[EventCountry "HUN"]
[EventCategory "6"]
[SourceTitle "CBM 209 Extra"]
[Source "ChessBase"]
[SourceDate "2022.09.30"]
[SourceVersion "1"]
[SourceVersionDate "2022.09.30"]
[SourceQuality "1"]

1. c4 Nf6 2. Nc3 g6 3. g3 Bg7 4. Bg2 0-0 5. d3 d6 6. Bg5 h6 7. Bd2 c5 8. Nf3 Nc6 9. 0-0 Bd7 10. a3 Qc8 11. Rb1 Bh3 12. b4 Bxg2 13. Kxg2 b6 14. b5 Nd4 15. e3 Nxf3 16. Qxf3 Qg4 17. a4 Qxf3+ 18. Kxf3 a5 19. e4 Nd7 20. Ke2 Bxc3 21. Bxc3 e5 22. f4 1/2-1/2

[Event "Oberliga Baden 2122"]
[Site "Germany"]
[Date "2022.04.09"]
[Round "10.2"]
[White "Lodici, Lorenzo"]
[Black "Galyas, Miklos"]
[Result "1-0"]
[WhiteElo "2545"]
[BlackElo "2467"]
[PlyCount "79"]
[EventDate "2021.10.10"]
[EventType "team-tourn"]
[EventRounds "11"]
[EventCountry "GER"]
[SourceTitle "EXT 2023"]
[Source "ChessBase"]
[SourceDate "2022.10.05"]
[SourceVersion "1"]
[SourceVersionDate "2022.10.05"]
[SourceQuality "1"]
[WhiteTeam "Emmendingen"]
[BlackTeam "Buchen"]
[WhiteTeamCountry "GER"]
[BlackTeamCountry "GER"]

1. e4 g6 2. d4 Bg7 3. Nc3 c6 4. f4 d5 5. e5 Nh6 6. Bd3 f6 7. Nf3 Bg4 8. 0-0 0-0 9. h3 Bxf3 10. Rxf3 e6 11. exf6 Qxf6 12. Ne2 Nf5 13. c3 Nd7 14. g4 Nd6 15. Rf1 Rf7 16. Kg2 Qe7 17. Be3 Nc4 18. Bxc4 dxc4 19. Ng3 Nb6 20. Qe2 Nd5 21. Rae1 b5 22. Bd2 Re8 23. Rf3 Rff8 24. Ne4 Bh6 25. Qf2 Qc7 26. Rf1 Rf7 27. h4 Ref8 28. g5 Bg7 29. h5 e5 30. hxg6 Nxf4+ 31. Bxf4 Rxf4 32. gxh7+ Kh8 33. Qg3 Rxf3 34. Rxf3 Rxf3 35. Qxf3 Kxh7 36. Qh5+ Kg8 37. Qe8+ Kh7 38. Ng3 Qd6 39. Nh5 Qd5+ 40. Kh2 1-0

[Event "HUN-chT 2122"]
[Site "Hungary"]
[Date "2022.03.20"]
[Round "8.11"]
[White "Galyas, Miklos"]
[Black "Pasti, Aron"]
[Result "1/2-1/2"]
[WhiteElo "2450"]
[BlackElo "2335"]
[PlyCount "75"]
[EventDate "2021.10.10"]
[EventType "team-tourn"]
[EventRounds "9"]
[EventCountry "HUN"]
[SourceTitle "EXT 2023"]
[Source "ChessBase"]
[SourceDate "2022.10.05"]
[SourceVersion "1"]
[SourceVersionDate "2022.10.05"]
[SourceQuality "1"]
[WhiteTeam "Tungsram ANSK"]
[BlackTeam "Ajka Sentimento"]
[WhiteTeamCountry "HUN"]
[BlackTeamCountry "HUN"]

1. d4 d5 2. Nf3 Nf6 3. Bf4 c5 4. e3 Nc6 5. Nbd2 cxd4 6. exd4 g6 7. c3 Bg7 8. Be2 Nh5 9. Be3 Qc7 10. 0-0 0-0 11. Re1 Bd7 12. Nf1 Na5 13. Ng3 Nf6 14. Ne5 b5 15. Bf4 Qb7 16. a4 a6 17. Nxd7 Nxd7 18. axb5 axb5 19. b4 Nc6 20. Qd3 Rxa1 21. Rxa1 Na7 22. Bf3 Nb6 23. h4 Rd8 24. h5 Nc4 25. Re1 Nc6 26. Bg5 Qd7 27. hxg6 hxg6 28. Ne2 Re8 29. Nf4 e5 30. Nxd5 exd4 31. Rxe8+ Qxe8 32. Nf6+ Bxf6 33. Bxf6 Qe1+ 34. Kh2 N4e5 35. Bxe5 Qxe5+ 36. g3 Qf5 37. Qxf5 gxf5 38. cxd4 1/2-1/2